| 000 | 00685nam a2200229 u 4500 | ||
|---|---|---|---|
| 005 | 20240910063926.0 | ||
| 008 | 090521s2002 es r 000 0 spa d | ||
| 020 | _a8426132391 | ||
| 035 | _aUPN01000170563 | ||
| 040 |
_aUPN _bspa _cUPN |
||
| 049 | _aI | ||
| 050 | 4 |
_aPZ33 _bK3.3 |
|
| 100 | 1 |
_aKástner, Erich, _d1899-1974 _930249 |
|
| 245 | 1 | 4 |
_aLas dos Carlotas / _cErich Kästner ; il. de Walter Trier ; tr. de Pilar Guerra. |
| 260 |
_aBarcelona, Esp. : _bJuventud, _c2002. |
||
| 300 |
_a159 p. : _bil. |
||
| 440 | 0 | _aJuventud | |
| 534 |
_pTítulo original: _tDas doppelte lottchen |
||
| 650 | 4 |
_aCuentos infantiles alemanes _98589 |
|
| 905 | _aInfantil | ||
| 942 |
_2lcc _cLIBRO |
||
| 999 |
_c142668 _d142668 |
||